<?xml version="1.0" encoding="UTF-8"?>
<record
    xmlns:xsi="http://www.w3.org/2001/XMLSchema-instance"
    xsi:schemaLocation="http://www.loc.gov/MARC21/slim http://www.loc.gov/standards/marcxml/schema/MARC21slim.xsd"
    xmlns="http://www.loc.gov/MARC21/slim">

  <leader>00637cam a2200205 i 4500</leader>
  <controlfield tag="001">sa 67000618 </controlfield>
  <controlfield tag="003">DLC</controlfield>
  <controlfield tag="005">20260227112316.0</controlfield>
  <controlfield tag="008">841105s1964    ii            000 0 hino </controlfield>
  <datafield tag="010" ind1=" " ind2=" ">
    <subfield code="a">sa 67000618 </subfield>
  </datafield>
  <datafield tag="040" ind1=" " ind2=" ">
    <subfield code="a">DLC</subfield>
    <subfield code="c">DLC</subfield>
    <subfield code="d">DLC</subfield>
  </datafield>
  <datafield tag="050" ind1="0" ind2="0">
    <subfield code="a">PK2098.T7</subfield>
    <subfield code="b">L5 1964</subfield>
  </datafield>
  <datafield tag="100" ind1="1" ind2=" ">
    <subfield code="a">Trip&#x101;&#x1E6D;h&#x12B;, S&#x16B;ryak&#x101;nta,</subfield>
    <subfield code="d">1896-1961.</subfield>
  </datafield>
  <datafield tag="245" ind1="1" ind2="0">
    <subfield code="a">Lil&#x12B; :</subfield>
    <subfield code="b">kah&#x101;n&#x12B; sa&#x1E45;graha /</subfield>
    <subfield code="c">lekhaka S&#x16B;ryak&#x101;nta Trip&#x101;&#x1E6D;h&#x12B; "Nir&#x101;l&#x101;".</subfield>
  </datafield>
  <datafield tag="260" ind1=" " ind2=" ">
    <subfield code="a">Lakhanau :</subfield>
    <subfield code="b">Ga&#x1E45;g&#x101; Pustakam&#x101;l&#x101; K&#x101;ry&#x101;laya,</subfield>
    <subfield code="c">[1964]</subfield>
  </datafield>
  <datafield tag="300" ind1=" " ind2=" ">
    <subfield code="a">145 p. ;</subfield>
    <subfield code="c">19 cm.</subfield>
  </datafield>
  <datafield tag="440" ind1=" " ind2="0">
    <subfield code="a">Ga&#x1E45;g&#x101;-pustakam&#x101;l&#x101; ;</subfield>
    <subfield code="v">pushpa 133</subfield>
  </datafield>
  <datafield tag="500" ind1=" " ind2=" ">
    <subfield code="a">Short stories.</subfield>
  </datafield>
  <datafield tag="500" ind1=" " ind2=" ">
    <subfield code="a">In Hindi.</subfield>
  </datafield>
  <datafield tag="999" ind1=" " ind2=" ">
    <subfield code="c">72090</subfield>
    <subfield code="d">72090</subfield>
  </datafield>
</record>
